000 00723nam a22002293a 4500
005 20240924071503.0
008 011010s1997 mx fr 000 0 spa d
020 _a8483160684
035 _aUPN01000112808
049 _aCG
050 4 _aLB1707
_bL6.4
100 1 _aLópez Gorriz, Isabel
245 1 0 _aExperiencias de innovación pedagógica :
_bhacia la formación del profesor que pide la LOGSE /
_cIsabel López Gorriz.
260 _aMadrid :
_bCCS,
_c1997.
300 _a193 p.
440 0 _aEducar ;
_v8
650 4 _aInnovaciones educativas
_9386
650 4 _aEducación
_xInvestigación
_94070
650 4 _aEducación
_xMetodología
_912791
650 4 _aMaestros
_xFormación profesional
_9804
905 _aLibro
999 _c86716
_d86716